| 000 | 00000nam 2200000za 4500 |
| 001 | 9.699380 |
| 003 | CaOODSP |
| 005 | 20250527151634 |
| 007 | cr ||||||||||| |
| 008 | 150407s1957||||xxca||||o f000 0 eng d |
| 040 | |aCaOODSP|beng |
| 043 | |an-cn--- |
| 086 | 1 |aA43-1007/1957E-PDF |
| 100 | 1 |aAndison, Harry. |
| 245 | 12|aA home-made sprayer for attachment to a tractor power take-off / |h[electronic resource]|cby H. Andison. |
| 260 | |aOttawa : |bDepartment of Agriculture : |bEntomology Division, |c1957. |
| 300 | |a8 p. : |bill. |
| 500 | |a"Issued February 1957". |
| 500 | |a"Revision of Processed Publication Series, Entomology, No. 119"--p. 2 of 8. |
| 500 | |aIssued also in French under title: Pulvérisateur de fabrication domestique actionné par la prise de force du tracteur. |
| 500 | |aHistorical publication digitized by Agriculture and Agri-Food Canada. |
| 590 | |a14-11-Supp|b2014-05-21 |
| 690 | 07|aAgricultural technology|2gcpds |
| 690 | 07|aCrops|2gcpds |
| 690 | 07|aPesticides|2gcpds |
| 710 | 1 |aCanada. |bDepartment of Agriculture. |
| 710 | 1 |aCanada.|bDivision of Entomology. |
| 775 | 08|tPulvérisateur de fabrication domestique actionné par la prise de force du tracteur |w(CaOODSP)9.643370 |
| 856 | 40|ahttp://publications.gc.ca|qPDF|s606 KB|uhttps://publications.gc.ca/collections/collection_2014/aac-aafc/agrhist/A43-1007-1957-eng.pdf |
| 986 | |aPublication 1007 |